| 000 | 00377nam a2200145Ia 4500 | ||
|---|---|---|---|
| 008 | 220217s9999||||xx |||||||||||||| ||und|| | ||
| 020 | _a0-07-049488-6 | ||
| 082 | _a005.13 RAV | ||
| 100 |
_aRavichandran, D _93308 |
||
| 245 | 0 | _aProgramming with C++ | |
| 250 | _a2nd | ||
| 260 |
_aTata mcgraw hill _bNew Delhi _c2003 |
||
| 300 | _b215 | ||
| 650 | _aPROGRAMMING LANGUAGE | ||
| 999 |
_c171341 _d171341 |
||